[Event "Team men PL final"]
[Site "Sochi"]
[Date "2018.05.10"]
[Round "9.22"]
[White "Palchun, Grigory"]
[Black "Iljiushenok, Ilia"]
[Result "0-1"]
[BlackElo "2516"]
[WhiteElo "2454"]
[LiveChessVersion "1.4.8"]

1. d4 {[%clk 1:30:57]} Nf6 {[%clk 1:30:50]} 2. Bf4 {[%clk 1:31:16]} g6
{[%clk 1:31:11]} 3. Nc3 {[%clk 1:31:38]} d5 {[%clk 1:31:01]} 4. e3
{[%clk 1:32:02]} a6 {[%clk 1:25:24]} 5. Be2 {[%clk 1:29:58]} Bg7 {[%clk 1:24:18]}
6. h4 {[%clk 1:30:07]} h5 {[%clk 1:17:23]} 7. Nf3 {[%clk 1:30:21]} c5
{[%clk 1:12:30]} 8. dxc5 {[%clk 1:21:13]} Qa5 {[%clk 1:11:22]} 9. Qd2
{[%clk 0:54:31]} O-O {[%clk 1:08:56]} 10. Ne5 {[%clk 0:38:27]} Nc6
{[%clk 0:55:45]} 11. Nd3 {[%clk 0:29:58]} Re8 {[%clk 0:51:34]} 12. Rb1
{[%clk 0:24:59]} Ne4 {[%clk 0:47:21]} 13. Nxe4 {[%clk 0:25:05]} Qxa2
{[%clk 0:47:45]} 14. Nf6+ {[%clk 0:12:36]} Bxf6 {[%clk 0:48:10]} 15. O-O
{[%clk 0:12:49]} Bf5 {[%clk 0:39:44]} 16. Bg5 {[%clk 0:10:17]} Bg7
{[%clk 0:37:49]} 17. f3 {[%clk 0:09:56]} Qa5 {[%clk 0:35:09]} 18. b4
{[%clk 0:10:16]} Qc7 {[%clk 0:33:05]} 19. Nf2 {[%clk 0:09:34]} a5
{[%clk 0:28:03]} 20. e4 {[%clk 0:07:17]} dxe4 {[%clk 0:27:34]} 21. fxe4
{[%clk 0:07:43]} Red8 {[%clk 0:25:49]} 22. Bd3 {[%clk 0:07:04]} Be6
{[%clk 0:26:16]} 23. b5 {[%clk 0:05:42]} Ne5 {[%clk 0:21:20]} 24. c6
{[%clk 0:04:38]} bxc6 {[%clk 0:21:11]} 25. b6 {[%clk 0:04:59]} Qb7
{[%clk 0:21:33]} 26. Nh3 {[%clk 0:03:26]} c5 {[%clk 0:20:57]} 27. Qf2
{[%clk 0:02:45]} Nxd3 {[%clk 0:09:14]} 28. cxd3 {[%clk 0:03:13]} Rxd3
{[%clk 0:09:39]} 29. Kh2 {[%clk 0:01:32]} Bd4 {[%clk 0:08:37]} 30. Qc2
{[%clk 0:00:54]} Rc3 {[%clk 0:08:06]} 31. Qd2 {[%clk 0:00:51]} Rb3
{[%clk 0:07:08]} 32. Rxb3 {[%clk 0:00:45]} Bxb3 {[%clk 0:07:37]} 33. Nf4
{[%clk 0:00:44]} Qxb6 {[%clk 0:07:31]} 34. Bxe7 {[%clk 0:01:04]} Qc7
{[%clk 0:07:41]} 35. Bg5 {[%clk 0:01:08]} a4 {[%clk 0:07:07]} 36. Kh1
{[%clk 0:01:00]} a3 {[%clk 0:07:32]} 37. Ne2 {[%clk 0:01:00]} a2 {[%clk 0:07:41]}
0-1

[Event "Team men PL final"]
[Site "Sochi"]
[Date "2018.05.10"]
[Round "9.23"]
[White "Chernobay, Artem"]
[Black "Pershin, Denis"]
[Result "1/2-1/2"]
[BlackElo "2392"]
[WhiteElo "2510"]
[LiveChessVersion "1.4.8"]

1. e4 {[%clk 1:30:59]} c6 {[%clk 1:30:56]} 2. d4 {[%clk 1:31:07]} d5
{[%clk 1:31:22]} 3. e5 {[%clk 1:31:34]} Bf5 {[%clk 1:31:45]} 4. Nf3
{[%clk 1:32:01]} e6 {[%clk 1:32:10]} 5. Be2 {[%clk 1:32:28]} c5 {[%clk 1:32:36]}
6. O-O {[%clk 1:31:49]} Nc6 {[%clk 1:32:51]} 7. Be3 {[%clk 1:30:50]} cxd4
{[%clk 1:33:10]} 8. Nxd4 {[%clk 1:31:16]} Nge7 {[%clk 1:33:36]} 9. c4
{[%clk 1:27:14]} Nxd4 {[%clk 1:34:00]} 10. Bxd4 {[%clk 1:27:20]} dxc4
{[%clk 1:34:24]} 11. Qa4+ {[%clk 1:20:08]} Nc6 {[%clk 1:31:57]} 12. Rd1
{[%clk 1:17:23]} Be7 {[%clk 1:28:45]} 13. Na3 {[%clk 1:10:37]} O-O
{[%clk 1:26:55]} 14. Bc3 {[%clk 1:06:37]} Qc7 {[%clk 1:26:49]} 15. Nb5
{[%clk 1:02:52]} Qb6 {[%clk 1:18:12]} 16. Nd6 {[%clk 1:02:41]} Rad8
{[%clk 1:16:24]} 17. Nxf5 {[%clk 0:47:14]} exf5 {[%clk 1:16:48]} 18. Qxc4
{[%clk 0:46:23]} Bc5 {[%clk 1:11:21]} 19. Qf4 {[%clk 0:39:43]} Bd4
{[%clk 1:10:42]} 20. Qxf5 {[%clk 0:34:26]} Bxc3 {[%clk 1:11:07]} 21. bxc3
{[%clk 0:34:54]} Qc5 {[%clk 1:08:57]} 22. Bf3 {[%clk 0:32:47]} Nxe5
{[%clk 1:09:09]} 23. Bxb7 {[%clk 0:33:12]} Qxc3 {[%clk 1:09:11]} 24. h4
{[%clk 0:29:23]} g6 {[%clk 1:06:33]} 25. Qf4 {[%clk 0:19:24]} Nd3
{[%clk 0:41:55]} 26. Qf3 {[%clk 0:17:08]} Qe5 {[%clk 0:40:06]} 27. g3
{[%clk 0:16:03]} Rd6 {[%clk 0:39:09]} 28. Rab1 {[%clk 0:11:26]} Rfd8
{[%clk 0:37:43]} 29. Qe3 {[%clk 0:07:33]} Qxe3 {[%clk 0:31:36]} 30. fxe3
{[%clk 0:08:00]} Ne5 {[%clk 0:32:01]} 31. Rxd6 {[%clk 0:07:43]} Rxd6
{[%clk 0:32:29]} 32. Rb2 {[%clk 0:08:01]} Ng4 {[%clk 0:32:30]} 33. e4
{[%clk 0:02:53]} Rd3 {[%clk 0:32:26]} 34. Kg2 {[%clk 0:03:20]} Ne3+
{[%clk 0:30:01]} 35. Kh3 {[%clk 0:02:13]} h5 {[%clk 0:28:05]} 36. Bc6
{[%clk 0:00:37]} Kg7 {[%clk 0:27:55]} 37. Rf2 {[%clk 0:00:46]} Rd1
{[%clk 0:27:59]} 38. e5 {[%clk 0:00:43]} Re1 {[%clk 0:25:56]} 39. Bf3
{[%clk 0:00:36]} Nc4 {[%clk 0:24:50]} 40. Rc2 {[%clk 0:30:39]} Nxe5
{[%clk 0:54:57]} 41. Bd5 {[%clk 0:28:16]} Rd1 {[%clk 0:53:25]} 42. Rc5
{[%clk 0:26:16]} Rd2 {[%clk 0:47:50]} 43. Ra5 {[%clk 0:26:31]} f6
{[%clk 0:37:27]} 44. Rxa7+ {[%clk 0:19:39]} Kh6 {[%clk 0:37:51]} 45. Bg2
{[%clk 0:19:03]} g5 {[%clk 0:38:07]} 46. hxg5+ {[%clk 0:18:59]} fxg5
{[%clk 0:38:33]} 47. Ra6+ {[%clk 0:18:41]} Kg7 {[%clk 0:38:38]} 48. Ra7+
{[%clk 0:14:29]} Kf8 {[%clk 0:38:23]} 49. Ra8+ {[%clk 0:14:07]} Ke7
{[%clk 0:38:46]} 50. Ra7+ {[%clk 0:14:31]} Kd6 {[%clk 0:38:54]} 51. Ra6+
{[%clk 0:14:57]} Kc7 {[%clk 0:38:54]} 52. Ra7+ {[%clk 0:07:22]} Kb6
{[%clk 0:38:25]} 53. Rb7+ {[%clk 0:07:48]} Kc5 {[%clk 0:38:49]} 54. Rb1
{[%clk 0:08:12]} Rxa2 {[%clk 0:39:03]} 55. Rd1 {[%clk 0:08:29]} g4+
{[%clk 0:37:37]} 56. Kh2 {[%clk 0:08:56]} Nf3+ {[%clk 0:37:48]} 57. Kh1
{[%clk 0:09:23]} Nd2 {[%clk 0:37:57]} 58. Kg1 {[%clk 0:06:40]} Kd4
{[%clk 0:38:00]} 59. Kf2 {[%clk 0:06:40]} Ke5 {[%clk 0:38:15]} 60. Re1+
{[%clk 0:06:31]} Kd4 {[%clk 0:37:58]} 61. Rd1 {[%clk 0:05:41]} Kd3
{[%clk 0:38:23]} 62. Bf1+ {[%clk 0:05:18]} Kc2 {[%clk 0:38:29]} 63. Re1
{[%clk 0:05:13]} Ra5 {[%clk 0:37:23]} 64. Bg2 {[%clk 0:05:10]} Kd3
{[%clk 0:34:33]} 65. Re3+ {[%clk 0:04:27]} Kd4 {[%clk 0:34:59]} 66. Re8
{[%clk 0:04:45]} Nc4 {[%clk 0:34:59]} 67. Rd8+ {[%clk 0:05:04]} Ke5
{[%clk 0:35:13]} 68. Re8+ {[%clk 0:05:28]} Kf6 {[%clk 0:35:33]} 69. Re2
{[%clk 0:04:53]} Nd6 {[%clk 0:32:48]} 70. Rd2 {[%clk 0:04:33]} Nf5
{[%clk 0:31:33]} 71. Be4 {[%clk 0:04:57]} Ne7 {[%clk 0:31:53]} 72. Bg2
{[%clk 0:04:56]} Ra3 {[%clk 0:32:11]} 73. Be4 {[%clk 0:04:57]} Ra4
{[%clk 0:29:21]} 74. Re2 {[%clk 0:05:17]} Nc8 {[%clk 0:26:56]} 75. Bd5
{[%clk 0:04:42]} Rd4 {[%clk 0:27:15]} 76. Ba2 {[%clk 0:04:56]} Nd6
{[%clk 0:26:56]} 77. Bb1 {[%clk 0:05:11]} Nb5 {[%clk 0:26:07]} 78. Ke3
{[%clk 0:04:45]} Rd5 {[%clk 0:25:46]} 79. Bd3 {[%clk 0:04:09]} Nd6
{[%clk 0:25:48]} 80. Rb2 {[%clk 0:03:53]} Nf5+ {[%clk 0:25:50]} 81. Bxf5
{[%clk 0:03:55]} Rxf5 {[%clk 0:26:17]} 82. Ke4 {[%clk 0:03:47]} Rf3
{[%clk 0:24:29]} 83. Rb6+ {[%clk 0:03:21]} Kg5 {[%clk 0:24:55]} 84. Rb5+
{[%clk 0:03:48]} Kg6 {[%clk 0:25:19]} 85. Rb6+ {[%clk 0:04:14]} Rf6
{[%clk 0:25:41]} 86. Rb5 {[%clk 0:04:31]} Re6+ {[%clk 0:19:03]} 87. Kf4
{[%clk 0:04:55]} Ra6 {[%clk 0:19:31]} 88. Rg5+ {[%clk 0:04:38]} Kh6
{[%clk 0:19:55]} 89. Rb5 {[%clk 0:05:07]} Rf6+ {[%clk 0:19:15]} 90. Ke4
{[%clk 0:05:31]} Rg6 {[%clk 0:19:42]} 91. Kf4 {[%clk 0:03:24]} Ra6
{[%clk 0:18:56]} 92. Kf5 {[%clk 0:03:11]} Rc6 {[%clk 0:18:43]} 93. Rb8
{[%clk 0:03:05]} Rc5+ {[%clk 0:18:02]} 94. Kf6 {[%clk 0:03:20]} Rc6+
{[%clk 0:17:12]} 95. Kf5 {[%clk 0:03:44]} Rc3 {[%clk 0:17:05]} 96. Rh8+
{[%clk 0:04:02]} Kg7 {[%clk 0:17:32]} 97. Rxh5 {[%clk 0:04:28]} Rxg3
{[%clk 0:17:57]} 98. Rg5+ {[%clk 0:04:55]} Kf7 {[%clk 0:18:22]} 99. Rxg4
{[%clk 0:05:23]} Rxg4 {[%clk 0:18:47]} 100. Kxg4 {[%clk 0:05:51]} 1/2-1/2

[Event "Team men PL final"]
[Site "Sochi"]
[Date "2018.05.10"]
[Round "9.24"]
[White "Saveliev, Alexei"]
[Black "Ofitserian, Boris"]
[Result "1-0"]
[BlackElo "2421"]
[WhiteElo "2354"]
[LiveChessVersion "1.4.8"]

1. e4 {[%clk 1:30:56]} c5 {[%clk 1:30:54]} 2. Nf3 {[%clk 1:31:23]} d6
{[%clk 1:31:17]} 3. d4 {[%clk 1:31:49]} cxd4 {[%clk 1:31:43]} 4. Nxd4
{[%clk 1:32:17]} Nf6 {[%clk 1:32:06]} 5. Nc3 {[%clk 1:32:42]} a6 {[%clk 1:32:31]}
6. Bg5 {[%clk 1:32:53]} Nbd7 {[%clk 1:32:47]} 7. f4 {[%clk 1:33:18]} Qc7
{[%clk 1:28:36]} 8. Qf3 {[%clk 1:33:21]} b5 {[%clk 1:27:37]} 9. O-O-O
{[%clk 1:33:24]} Bb7 {[%clk 1:27:54]} 10. Bd3 {[%clk 1:33:19]} e6
{[%clk 1:19:49]} 11. Rhe1 {[%clk 1:33:34]} h6 {[%clk 1:20:15]} 12. Bh4
{[%clk 1:23:06]} Be7 {[%clk 1:08:59]} 13. Qg3 {[%clk 1:17:08]} g5
{[%clk 0:53:41]} 14. fxg5 {[%clk 1:16:17]} Rg8 {[%clk 0:54:01]} 15. g6
{[%clk 1:10:33]} b4 {[%clk 0:23:53]} 16. gxf7+ {[%clk 0:54:27]} Kxf7
{[%clk 0:24:19]} 17. Qh3 {[%clk 0:54:53]} Nc5 {[%clk 0:21:02]} 18. Bc4
{[%clk 0:51:07]} Bc8 {[%clk 0:17:36]} 19. Rf1 {[%clk 0:39:22]} Rg6
{[%clk 0:16:29]} 20. Nce2 {[%clk 0:33:39]} d5 {[%clk 0:06:19]} 21. exd5
{[%clk 0:32:42]} exd5 {[%clk 0:06:43]} 22. Bxd5+ {[%clk 0:33:07]} Ke8
{[%clk 0:02:59]} 23. Bc6+ {[%clk 0:33:09]} Kf7 {[%clk 0:03:00]} 24. Qe3
{[%clk 0:32:01]} Ra7 {[%clk 0:01:27]} 25. Nf4 {[%clk 0:31:41]} Rg4
{[%clk 0:00:44]} 26. Bxf6 {[%clk 0:31:41]} 1-0

[Event "Team men PL final"]
[Site "Sochi"]
[Date "2018.05.10"]
[Round "9.25"]
[White "Khismatullin, Denis"]
[Black "Ponkratov, Pavel"]
[Result "0-1"]
[BlackElo "2601"]
[WhiteElo "2632"]
[LiveChessVersion "1.4.8"]

1. Nf3 {[%clk 1:30:57]} Nf6 {[%clk 1:30:48]} 2. c4 {[%clk 1:31:21]} g6
{[%clk 1:30:59]} 3. Nc3 {[%clk 1:30:48]} Bg7 {[%clk 1:31:24]} 4. e4
{[%clk 1:29:44]} O-O {[%clk 1:31:49]} 5. d4 {[%clk 1:30:10]} d6 {[%clk 1:32:14]}
6. Be2 {[%clk 1:30:36]} c5 {[%clk 1:32:41]} 7. O-O {[%clk 1:29:30]} Bg4
{[%clk 1:33:08]} 8. d5 {[%clk 1:23:07]} Re8 {[%clk 1:33:31]} 9. Be3
{[%clk 1:18:32]} Nbd7 {[%clk 1:29:15]} 10. Re1 {[%clk 1:02:58]} a6
{[%clk 1:29:30]} 11. Qc2 {[%clk 1:01:36]} Rb8 {[%clk 1:29:15]} 12. a4
{[%clk 1:01:44]} Bxf3 {[%clk 1:29:33]} 13. Bxf3 {[%clk 1:02:04]} e6
{[%clk 1:29:59]} 14. h3 {[%clk 1:00:29]} exd5 {[%clk 1:30:23]} 15. exd5
{[%clk 1:00:54]} Qa5 {[%clk 1:25:56]} 16. Bd2 {[%clk 0:57:04]} Rxe1+
{[%clk 1:26:00]} 17. Rxe1 {[%clk 0:57:04]} Re8 {[%clk 1:25:42]} 18. Be2
{[%clk 0:44:31]} Qd8 {[%clk 1:23:43]} 19. f4 {[%clk 0:40:12]} Re7
{[%clk 1:21:19]} 20. Bf3 {[%clk 0:36:02]} Rxe1+ {[%clk 1:21:11]} 21. Bxe1
{[%clk 0:36:30]} Qe7 {[%clk 1:20:57]} 22. Qe2 {[%clk 0:32:42]} Qd8
{[%clk 1:20:57]} 23. g4 {[%clk 0:30:27]} Kf8 {[%clk 1:20:50]} 24. Kg2
{[%clk 0:24:24]} Qb6 {[%clk 1:20:12]} 25. Qc2 {[%clk 0:23:31]} Ng8
{[%clk 1:19:00]} 26. Ne4 {[%clk 0:21:24]} Ndf6 {[%clk 1:13:21]} 27. a5
{[%clk 0:16:44]} Qd8 {[%clk 1:13:23]} 28. Ng3 {[%clk 0:15:57]} Nd7
{[%clk 1:08:54]} 29. g5 {[%clk 0:15:30]} Ne7 {[%clk 1:08:51]} 30. h4
{[%clk 0:10:54]} f5 {[%clk 1:09:08]} 31. h5 {[%clk 0:08:28]} Kf7 {[%clk 1:06:02]}
32. h6 {[%clk 0:06:23]} Bh8 {[%clk 1:05:51]} 33. Bd1 {[%clk 0:00:50]} b5
{[%clk 1:02:32]} 34. Qe2 {[%clk 0:00:53]} Qb8 {[%clk 1:00:53]} 35. Qe6+
{[%clk 0:00:39]} Ke8 {[%clk 1:01:18]} 36. b4 {[%clk 0:00:40]} Nf8
{[%clk 0:57:09]} 37. Qe2 {[%clk 0:01:02]} Nd7 {[%clk 0:53:41]} 38. Qe6
{[%clk 0:01:26]} Nf8 {[%clk 0:54:07]} 39. Qe2 {[%clk 0:01:53]} Nd7
{[%clk 0:54:34]} 40. Bb3 {[%clk 0:31:14]} Bd4 {[%clk 1:23:18]} 41. Qd3
{[%clk 0:10:12]} Qb7 {[%clk 1:19:53]} 42. Kh2 {[%clk 0:06:58]} Kd8
{[%clk 1:19:45]} 43. Ne2 {[%clk 0:04:48]} Bh8 {[%clk 1:19:49]} 44. Ba2
{[%clk 0:01:11]} Qb8 {[%clk 1:13:53]} 45. Bd2 {[%clk 0:01:17]} Qb7
{[%clk 1:10:40]} 46. Be3 {[%clk 0:00:44]} bxc4 {[%clk 1:07:12]} 47. Bxc4
{[%clk 0:00:57]} Qxb4 {[%clk 1:01:02]} 48. Bd2 {[%clk 0:01:14]} Qa4
{[%clk 1:01:24]} 49. Bxa6 {[%clk 0:01:03]} Qd1 {[%clk 0:55:38]} 50. Bc4
{[%clk 0:00:35]} Qf1 {[%clk 0:55:45]} 51. Qe3 {[%clk 0:00:34]} Ne5
{[%clk 0:55:59]} 52. fxe5 {[%clk 0:00:32]} Bxe5+ {[%clk 0:56:22]} 53. Ng3
{[%clk 0:00:31]} Qxc4 {[%clk 0:56:46]} 54. Kh3 {[%clk 0:00:32]} Qg4+
{[%clk 0:57:03]} 0-1

[Event "Team men PL final"]
[Site "Sochi"]
[Date "2018.05.10"]
[Round "9.26"]
[White "Looshnikov, Nikolai"]
[Black "Bocharov, Dmitry"]
[Result "1/2-1/2"]
[BlackElo "2594"]
[WhiteElo "2435"]
[LiveChessVersion "1.4.8"]

1. e4 {[%clk 1:30:58]} c5 {[%clk 1:30:47]} 2. c3 {[%clk 1:30:43]} Nf6
{[%clk 1:30:51]} 3. e5 {[%clk 1:31:07]} Nd5 {[%clk 1:31:13]} 4. d4
{[%clk 1:31:30]} cxd4 {[%clk 1:31:35]} 5. Nf3 {[%clk 1:31:45]} d6
{[%clk 1:31:35]} 6. Qxd4 {[%clk 1:29:56]} e6 {[%clk 1:31:03]} 7. Nbd2
{[%clk 1:27:31]} Nc6 {[%clk 1:25:30]} 8. Bb5 {[%clk 1:27:32]} Bd7
{[%clk 1:13:22]} 9. Bxc6 {[%clk 1:27:32]} Bxc6 {[%clk 1:13:13]} 10. Nc4
{[%clk 1:26:33]} dxe5 {[%clk 1:09:28]} 11. Ncxe5 {[%clk 1:25:20]} f6
{[%clk 0:59:51]} 12. Nxc6 {[%clk 1:24:10]} bxc6 {[%clk 0:58:23]} 13. O-O
{[%clk 1:24:17]} e5 {[%clk 0:52:27]} 14. Qe4 {[%clk 1:18:24]} Qd7
{[%clk 0:42:36]} 15. c4 {[%clk 1:09:01]} Ne7 {[%clk 0:37:22]} 16. Qe2
{[%clk 0:52:49]} Ng6 {[%clk 0:32:11]} 17. Rd1 {[%clk 0:51:33]} Qc8
{[%clk 0:31:37]} 18. c5 {[%clk 0:39:27]} Be7 {[%clk 0:23:46]} 19. Qc4
{[%clk 0:39:13]} a5 {[%clk 0:23:21]} 20. Be3 {[%clk 0:30:54]} Qa6
{[%clk 0:21:31]} 21. Qe6 {[%clk 0:29:15]} Qc8 {[%clk 0:21:49]} 22. Qc4
{[%clk 0:26:55]} Qa6 {[%clk 0:22:07]} 23. Qb3 {[%clk 0:17:02]} a4
{[%clk 0:21:25]} 24. Qe6 {[%clk 0:17:27]} Qc8 {[%clk 0:19:12]} 25. Qc4
{[%clk 0:17:49]} Qa6 {[%clk 0:19:20]} 26. Qe6 {[%clk 0:17:32]} Qc8
{[%clk 0:13:39]} 27. Qc4 {[%clk 0:17:56]} Qa6 {[%clk 0:10:56]} 28. Qe6
{[%clk 0:13:55]} Qc8 {[%clk 0:07:14]} 29. Qc4 {[%clk 0:13:51]} Qa6
{[%clk 0:06:49]} 30. Qe6 {[%clk 0:13:57]} Qc8 {[%clk 0:06:27]} 31. Qc4
{[%clk 0:14:01]} Qa6 {[%clk 0:06:43]} 32. Nd2 {[%clk 0:13:11]} f5 1/2-1/2

[Event "Team men PL final"]
[Site "Sochi"]
[Date "2018.05.10"]
[Round "9.27"]
[White "Maletin, Pavel"]
[Black "Drygalov, Andrey"]
[Result "1-0"]
[BlackElo "2431"]
[WhiteElo "2572"]
[LiveChessVersion "1.4.8"]

1. Nf3 {[%clk 1:30:50]} Nf6 {[%clk 1:30:49]} 2. g3 {[%clk 1:31:09]} d5
{[%clk 1:31:03]} 3. Bg2 {[%clk 1:31:27]} g6 {[%clk 1:31:29]} 4. c4
{[%clk 1:31:08]} c6 {[%clk 1:31:53]} 5. b3 {[%clk 1:31:12]} Bg7 {[%clk 1:32:18]}
6. Bb2 {[%clk 1:31:37]} O-O {[%clk 1:32:40]} 7. O-O {[%clk 1:31:22]} Bg4
{[%clk 1:32:00]} 8. d3 {[%clk 1:26:35]} Nbd7 {[%clk 1:31:55]} 9. Nbd2
{[%clk 1:25:53]} Bxf3 {[%clk 1:29:18]} 10. Nxf3 {[%clk 1:25:45]} e6
{[%clk 1:29:44]} 11. Qc2 {[%clk 1:23:42]} Qe7 {[%clk 1:29:35]} 12. Rac1
{[%clk 1:13:03]} Ne8 {[%clk 1:20:04]} 13. d4 {[%clk 1:11:43]} Nef6
{[%clk 1:20:15]} 14. Ne1 {[%clk 1:08:30]} Rfd8 {[%clk 1:16:50]} 15. Nd3
{[%clk 1:07:54]} Rac8 {[%clk 1:12:58]} 16. Rfd1 {[%clk 1:06:31]} Qf8
{[%clk 1:03:14]} 17. e3 {[%clk 1:03:26]} Qd6 {[%clk 0:45:48]} 18. Qb1
{[%clk 0:54:54]} Qb8 {[%clk 0:44:59]} 19. Bc3 {[%clk 0:54:00]} Re8
{[%clk 0:41:05]} 20. a4 {[%clk 0:50:41]} Ne4 {[%clk 0:29:38]} 21. Be1
{[%clk 0:49:54]} f5 {[%clk 0:28:44]} 22. Qa2 {[%clk 0:46:21]} g5 {[%clk 0:26:27]}
23. b4 {[%clk 0:40:16]} Nd6 {[%clk 0:24:57]} 24. c5 {[%clk 0:31:16]} Nc4
{[%clk 0:24:58]} 25. b5 {[%clk 0:30:01]} Kh8 {[%clk 0:17:40]} 26. Nb4
{[%clk 0:27:55]} f4 {[%clk 0:16:11]} 27. Rxc4 {[%clk 0:20:32]} dxc4
{[%clk 0:16:31]} 28. bxc6 {[%clk 0:20:57]} bxc6 {[%clk 0:14:11]} 29. Nxc6
{[%clk 0:20:54]} Qc7 {[%clk 0:11:40]} 30. Ba5 {[%clk 0:19:57]} Qb7
{[%clk 0:11:44]} 31. Ne7 {[%clk 0:19:53]} f3 {[%clk 0:11:29]} 32. Nxc8
{[%clk 0:19:35]} fxg2 {[%clk 0:11:49]} 33. Nd6 {[%clk 0:19:21]} Qf3
{[%clk 0:12:14]} 34. Nxe8 {[%clk 0:19:35]} Qxd1+ {[%clk 0:12:32]} 35. Kxg2
{[%clk 0:20:01]} Qb3 {[%clk 0:11:51]} 36. Qxb3 {[%clk 0:18:50]} cxb3
{[%clk 0:12:15]} 37. c6 {[%clk 0:19:18]} Nb6 {[%clk 0:10:01]} 38. Bxb6
{[%clk 0:19:34]} 1-0

[Event "Team men PL final"]
[Site "Sochi"]
[Date "2018.05.10"]
[Round "9.28"]
[White "Gutenev, Alexander"]
[Black "Tsydypov, Zhamsaran"]
[Result "1/2-1/2"]
[BlackElo "2525"]
[WhiteElo "2474"]
[LiveChessVersion "1.4.8"]

1. e4 {[%clk 1:30:54]} c5 {[%clk 1:30:00]} 2. Nf3 {[%clk 1:31:17]} Nc6
{[%clk 1:30:19]} 3. d4 {[%clk 1:31:32]} cxd4 {[%clk 1:30:43]} 4. Nxd4
{[%clk 1:31:58]} Nf6 {[%clk 1:30:47]} 5. Nc3 {[%clk 1:32:21]} e5 {[%clk 1:31:12]}
6. Ndb5 {[%clk 1:32:26]} d6 {[%clk 1:31:36]} 7. Bg5 {[%clk 1:32:47]} a6
{[%clk 1:31:59]} 8. Na3 {[%clk 1:32:51]} b5 {[%clk 1:32:09]} 9. Nd5
{[%clk 1:33:09]} Be7 {[%clk 1:32:25]} 10. Bxf6 {[%clk 1:33:31]} Bxf6
{[%clk 1:32:52]} 11. c4 {[%clk 1:32:42]} b4 {[%clk 1:33:07]} 12. Nc2
{[%clk 1:33:05]} O-O {[%clk 1:33:21]} 13. g3 {[%clk 1:32:56]} Bg5
{[%clk 1:32:49]} 14. Bg2 {[%clk 1:29:54]} a5 {[%clk 1:32:58]} 15. O-O
{[%clk 1:29:47]} Ra7 {[%clk 1:30:48]} 16. Qd3 {[%clk 1:19:52]} Be6
{[%clk 1:25:36]} 17. Rad1 {[%clk 1:18:09]} Rd7 {[%clk 1:17:40]} 18. Kh1
{[%clk 1:08:08]} g6 {[%clk 1:01:57]} 19. f4 {[%clk 0:35:42]} exf4
{[%clk 1:01:22]} 20. gxf4 {[%clk 0:36:09]} Bh6 {[%clk 1:00:49]} 21. Nde3
{[%clk 0:35:03]} Qc7 {[%clk 0:41:11]} 22. Nf5 {[%clk 0:27:32]} Bg7
{[%clk 0:28:01]} 23. b3 {[%clk 0:17:23]} Bc3 {[%clk 0:16:53]} 24. Nce3
{[%clk 0:14:13]} Rdd8 {[%clk 0:16:36]} 25. Ng3 {[%clk 0:10:37]} Qa7
{[%clk 0:16:28]} 26. Nd5 {[%clk 0:07:21]} Bxd5 {[%clk 0:16:04]} 27. exd5
{[%clk 0:05:31]} Ne7 {[%clk 0:15:42]} 28. f5 {[%clk 0:05:41]} f6 {[%clk 0:15:37]}
29. fxg6 {[%clk 0:04:35]} hxg6 {[%clk 0:16:01]} 30. Ne2 {[%clk 0:04:15]} Be5
{[%clk 0:16:21]} 31. Nf4 {[%clk 0:04:31]} Bxf4 {[%clk 0:16:00]} 32. Rxf4
{[%clk 0:04:59]} Kg7 {[%clk 0:15:32]} 33. Rff1 {[%clk 0:01:57]} Rh8
{[%clk 0:14:54]} 34. Rde1 {[%clk 0:02:13]} Rh5 {[%clk 0:14:45]} 35. Re6
{[%clk 0:01:18]} Nf5 {[%clk 0:14:34]} 36. h3 {[%clk 0:00:59]} Rg5
{[%clk 0:14:21]} 37. Kh2 {[%clk 0:01:03]} Rd7 {[%clk 0:12:51]} 38. Qd2
{[%clk 0:00:57]} Re7 {[%clk 0:12:35]} 39. Rfe1 {[%clk 0:01:14]} Rxe6
{[%clk 0:12:23]} 40. dxe6 {[%clk 0:30:50]} Nh4 {[%clk 0:41:29]} 41. Bh1
{[%clk 0:19:32]} Re5 {[%clk 0:39:18]} 42. Rxe5 {[%clk 0:19:26]} fxe5
{[%clk 0:39:46]} 43. Be4 {[%clk 0:17:16]} 1/2-1/2

[Event "Team men PL final"]
[Site "Sochi"]
[Date "2018.05.10"]
[Round "9.29"]
[White "Bocharov, Ivan"]
[Black "Drygalov, Sergey"]
[Result "1-0"]
[BlackElo "2418"]
[WhiteElo "2547"]
[LiveChessVersion "1.4.8"]

1. e4 {[%clk 1:31:00]} e5 {[%clk 1:30:47]} 2. Nf3 {[%clk 1:31:25]} Nc6
{[%clk 1:31:13]} 3. Bb5 {[%clk 1:31:51]} a6 {[%clk 1:31:26]} 4. Ba4
{[%clk 1:32:20]} Nf6 {[%clk 1:31:45]} 5. O-O {[%clk 1:32:47]} Be7
{[%clk 1:31:47]} 6. Re1 {[%clk 1:33:16]} b5 {[%clk 1:32:08]} 7. Bb3
{[%clk 1:33:45]} d6 {[%clk 1:32:21]} 8. c3 {[%clk 1:34:14]} O-O {[%clk 1:32:39]}
9. h3 {[%clk 1:34:43]} Bb7 {[%clk 1:32:56]} 10. d4 {[%clk 1:34:54]} Re8
{[%clk 1:33:14]} 11. Nbd2 {[%clk 1:35:11]} Bf8 {[%clk 1:33:07]} 12. a3
{[%clk 1:34:48]} h6 {[%clk 1:33:31]} 13. d5 {[%clk 1:35:05]} Nb8 {[%clk 1:32:27]}
14. Nh2 {[%clk 1:35:03]} Nbd7 {[%clk 1:31:52]} 15. Qf3 {[%clk 1:34:54]} c6
{[%clk 1:15:53]} 16. dxc6 {[%clk 1:35:14]} Bxc6 {[%clk 1:16:00]} 17. Ba2
{[%clk 1:28:19]} Qe7 {[%clk 1:08:38]} 18. Ndf1 {[%clk 1:26:50]} g6
{[%clk 0:53:42]} 19. Ng3 {[%clk 1:26:13]} Bg7 {[%clk 0:52:57]} 20. h4
{[%clk 1:25:39]} h5 {[%clk 0:43:37]} 21. Bg5 {[%clk 1:23:41]} Nf8
{[%clk 0:40:00]} 22. Nhf1 {[%clk 1:06:58]} N8h7 {[%clk 0:35:58]} 23. Ne3
{[%clk 1:02:10]} Qb7 {[%clk 0:32:21]} 24. Bxf6 {[%clk 0:38:38]} Nxf6
{[%clk 0:29:57]} 25. Rad1 {[%clk 0:36:59]} Rad8 {[%clk 0:28:50]} 26. Nd5
{[%clk 0:36:38]} Bxd5 {[%clk 0:26:42]} 27. Bxd5 {[%clk 0:36:54]} Qe7
{[%clk 0:24:30]} 28. Bb3 {[%clk 0:35:26]} Rd7 {[%clk 0:23:37]} 29. Nf1
{[%clk 0:35:00]} Bh6 {[%clk 0:23:14]} 30. g3 {[%clk 0:34:17]} Rb8
{[%clk 0:21:49]} 31. Rd3 {[%clk 0:33:20]} Kg7 {[%clk 0:18:44]} 32. Red1
{[%clk 0:33:39]} Rb6 {[%clk 0:17:53]} 33. Qe2 {[%clk 0:33:37]} Qd8
{[%clk 0:16:38]} 34. Nh2 {[%clk 0:32:14]} a5 {[%clk 0:14:00]} 35. Nf3
{[%clk 0:31:38]} Qc7 {[%clk 0:11:37]} 36. Kg2 {[%clk 0:29:02]} Re7
{[%clk 0:09:01]} 37. Ng5 {[%clk 0:23:45]} Nd7 {[%clk 0:06:23]} 38. Rf3
{[%clk 0:20:29]} Bxg5 {[%clk 0:05:16]} 39. hxg5 {[%clk 0:20:57]} Nc5
{[%clk 0:05:38]} 40. Bd5 {[%clk 0:50:29]} Ne6 {[%clk 0:31:31]} 41. Bxe6
{[%clk 0:48:24]} Rxe6 {[%clk 0:31:10]} 42. Rd5 {[%clk 0:48:25]} Qb7
{[%clk 0:29:51]} 43. Rfd3 {[%clk 0:46:12]} Qe7 {[%clk 0:26:44]} 44. Qe3
{[%clk 0:46:03]} Rb8 {[%clk 0:26:04]} 45. Rd1 {[%clk 0:44:41]} Rb7
{[%clk 0:20:58]} 46. R1d3 {[%clk 0:41:12]} f6 {[%clk 0:18:22]} 47. Qd2
{[%clk 0:39:29]} Rb6 {[%clk 0:18:15]} 48. gxf6+ {[%clk 0:37:21]} Rxf6
{[%clk 0:18:33]} 49. Qe2 {[%clk 0:34:46]} Qc7 {[%clk 0:14:26]} 50. Rf3
{[%clk 0:33:22]} Rxf3 {[%clk 0:14:40]} 51. Qxf3 {[%clk 0:33:51]} Qd7
{[%clk 0:12:17]} 52. Qe3 {[%clk 0:33:31]} Qc7 {[%clk 0:11:49]} 53. Qd3
{[%clk 0:31:21]} Qc6 {[%clk 0:12:07]} 54. f4 {[%clk 0:29:13]} Qc4
{[%clk 0:09:59]} 55. Qe3 {[%clk 0:28:44]} b4 {[%clk 0:06:17]} 56. b3
{[%clk 0:23:07]} Qc7 {[%clk 0:06:29]} 57. axb4 {[%clk 0:23:12]} axb4
{[%clk 0:06:56]} 58. c4 {[%clk 0:23:27]} Ra6 {[%clk 0:07:22]} 59. fxe5
{[%clk 0:22:07]} dxe5 {[%clk 0:06:55]} 60. Qd2 {[%clk 0:22:17]} Ra7
{[%clk 0:06:04]} 61. Qxb4 {[%clk 0:20:47]} Ra2+ {[%clk 0:04:01]} 62. Rd2
{[%clk 0:21:09]} Qa7 {[%clk 0:02:15]} 63. Qd6 {[%clk 0:20:28]} Kh7
{[%clk 0:01:20]} 64. b4 {[%clk 0:18:58]} h4 {[%clk 0:01:42]} 65. gxh4
{[%clk 0:18:51]} Qe3 {[%clk 0:00:34]} 66. Qe7+ {[%clk 0:17:12]} Kg8
{[%clk 0:00:37]} 67. Qe8+ {[%clk 0:17:30]} g5 1-0